00420cam a22001457a 4500008004000000020001500040082001400055100002200069245007600091260002400167300001000191650002600201650002400227650002300251180718b1999 xxu||||| |||| 00| 0 eng d a8122005438 aN400 Sh42 aShekhar, Rajendra aNot a licence to kill: police needs paradigm-shiftcby Rajendra Shekhar aDelhibKonarkc1999 a298p. aPolice administration aPolice - Management aPolice - Attitudes